000 00462cam a2200181ua 4500
020 _c21.60
041 _aeng
_h
082 _a537
_bSCO/PH
100 _aScott, William Tausig .
245 _aPhysics of electricity and magnetism /
_cWilliam Taussig Scott.
_hTextual Documents
250 _a1 /
_b.
260 _aLondon :
_bJohn Wiley & Sons ,
_c1959.
300 _a635 ; .
365 _a21.60
504 _a
942 _cBK
999 _c11061
_d11061